000 00457nam a2200205Ia 4500
003 OSt
005 20221005132659.0
006 a|||||r|||| 00| 0
007 ta
008 221004b |||||||| |||| 00| 0 eng d
024 _a112785
037 _cTextual
040 _aCRL
_cCRL
_beng
041 _2eng
_aeng
110 _aUNESCO
245 0 _aUniversity in Adult Education
700 _aUNESCO
942 _cTEXL
_2cc
999 _c1064482
_d1064482